<?xml version="1.0" encoding="UTF-8"?>
<collection xmlns="http://www.loc.gov/MARC21/slim">
 <record>
  <leader>01831nam a2200229Ia 4500</leader>
  <controlfield tag="001">CTU_230876</controlfield>
  <controlfield tag="008">210402s9999    xx            000 0 und d</controlfield>
  <datafield tag="020" ind1=" " ind2=" ">
   <subfield code="c">120000</subfield>
  </datafield>
  <datafield tag="082" ind1=" " ind2=" ">
   <subfield code="a">519.5</subfield>
  </datafield>
  <datafield tag="082" ind1=" " ind2=" ">
   <subfield code="b">L312</subfield>
  </datafield>
  <datafield tag="100" ind1=" " ind2=" ">
   <subfield code="a">Vũ, Duy Linh</subfield>
  </datafield>
  <datafield tag="245" ind1=" " ind2="0">
   <subfield code="a">Giáo trình kỹ thuật dự báo</subfield>
  </datafield>
  <datafield tag="245" ind1=" " ind2="0">
   <subfield code="c">Vũ Duy Linh, Huỳnh Xuân Hiệp.</subfield>
  </datafield>
  <datafield tag="260" ind1=" " ind2=" ">
   <subfield code="a">Cần Thơ</subfield>
  </datafield>
  <datafield tag="260" ind1=" " ind2=" ">
   <subfield code="b">Nxb. Đại học Cần Thơ</subfield>
  </datafield>
  <datafield tag="260" ind1=" " ind2=" ">
   <subfield code="c">2019</subfield>
  </datafield>
  <datafield tag="520" ind1=" " ind2=" ">
   <subfield code="a">Giáo trình gồm ba phần quan trọng nhất của thống kê dự báo hiện tại: Mô hình hồi quy, chuỗi thời gian và bài toán phân loại. Các phần được viết tương đối chặc chẽ về lý thuyết và có nhiều ví dụ, ứng dụng minh họa. Các tính toán được minh họa xử lý trên phần mềm thống kê R hoặc Matlab, giúp người đọc có thể áp dễ dàng lý thuyết trong các áp dụng từ dữ liệu thực tế. Cuối mỗi chương đều có bài tập để sinh viên thực hành và cũng cố lý thuyết. Trong giáo trình ngoài kiến thức cơ bản về thống kê dự báo như hồi quy và chuỗi thời gian không mờ, chúng tôi đã cập nhật một số kiến thức về thống kê dự báo được công bố trong những năm gần đây. Đó là các mô hình mờ hóa dữ liệu, dự báo bằng chuổi thời gian mờ và bài toán phân loại.</subfield>
  </datafield>
  <datafield tag="650" ind1=" " ind2=" ">
   <subfield code="a">Mathematical statistics,Toán thống kê</subfield>
  </datafield>
  <datafield tag="904" ind1=" " ind2=" ">
   <subfield code="i">vdbang</subfield>
  </datafield>
  <datafield tag="910" ind1=" " ind2=" ">
   <subfield code="a">Tuyến</subfield>
  </datafield>
  <datafield tag="915" ind1=" " ind2=" ">
   <subfield code="a">TN</subfield>
  </datafield>
  <datafield tag="980" ind1=" " ind2=" ">
   <subfield code="a">Trung tâm Học liệu Trường Đại học Cần Thơ</subfield>
  </datafield>
 </record>
</collection>
